The Wizard of Oz (Record no. 15589)
[ view plain ]
| 000 -LEADER | |
|---|---|
| fixed length control field | 03906ngm a22005897a 4500 |
| 006 - FIXED-LENGTH DATA ELEMENTS--ADDITIONAL MATERIAL CHARACTERISTICS--GENERAL INFORMATION | |
| fixed length control field | a|||||s|||||00| 0 |
| 007 - PHYSICAL DESCRIPTION FIXED FIELD--GENERAL INFORMATION | |
| fixed length control field | tz |
| 008 - FIXED-LENGTH DATA ELEMENTS--GENERAL INFORMATION | |
| fixed length control field | 110614s2009 cau|||||s|||| 00| 0 eng d |
| 020 ## - INTERNATIONAL STANDARD BOOK NUMBER | |
| International Standard Book Number | 883929092970 |
| 082 ## - DEWEY DECIMAL CLASSIFICATION NUMBER | |
| Edition number | 22 |
| Classification number | 791.4372 |
| Item number | WIZ |
| 245 04 - TITLE STATEMENT | |
| Title | The Wizard of Oz |
| Medium | [videorecording] / |
| Statement of responsibility, etc | a Metro-Goldwyn-Mayer picture ; a Victor Fleming production; screen play by Noel Langley, Florence Ryerson and Edgar Allan Woolf ; adaptation by Noel Langley ; produced by Mervyn LeRoy ; directed by Victor Fleming. |
| 250 ## - EDITION STATEMENT | |
| Edition statement | Special ed. |
| 260 ## - PUBLICATION, DISTRIBUTION, ETC. (IMPRINT) | |
| Place of publication, distribution, etc | Burbank, Calif. : |
| Name of publisher, distributor, etc | Warner Home Video, 2009. |
| Date of publication, distribution, etc | 2009 |
| 300 ## - PHYSICAL DESCRIPTION | |
| Extent | 2 videodisc (102 min.) : |
| Other physical details | sd., b & w and col. ; |
| Dimensions | 4 3/4 in. |
| 500 ## - GENERAL NOTE | |
| General note | Originally released as a motion picture in 1939 |
| 500 ## - GENERAL NOTE | |
| General note | Based on the novel "The wonderful Wizard of Oz" by L. Frank Baum. |
| 500 ## - GENERAL NOTE | |
| General note | Special features: Disc 1: Feature film; commentary by historican John Fricke including archival interviews with cast, crew and Family Restoration featurette; illustrated video storybook and supporting cast profile roundup. Disc 2: "The Wonderful Wizard of Oz: the making of a movie classic" TV special; "Memories of Oz" TV special; archival making-of and retrospective featurettes; Harold Arlen's home movies; tornado tests; outtakes; deleted scenes; extensive stills & theatrical trailer galleries; audio vault includes a jukebox of recording session materials, radio shows and promos; "Off to see the Wizard" TV series excerpt. |
| 508 ## - CREATION/PRODUCTION CREDITS NOTE | |
| Creation/production credits note | Director of photography, Harold Rosson ; art director, Cedric Gibbons ; editor, Blanche Sewell ; original music, Harold Arlen ; costume designer, Gilbert Adrian. |
| 511 ## - PARTICIPANT OR PERFORMER NOTE | |
| Participant or performer note | Judy Garland, Frank Morgan, Ray Bolger, Bert Lahr, Jack Haley, Billie Burke, Margaret Hamilton, Charley Grapewin, The Munchkins. |
| 520 ## - SUMMARY, ETC. | |
| Summary, etc | When a neighbor tries to have her dog Toto put to sleep, Dorothy takes Toto and runs away. A tornado appears and carries her to the magical land of Oz. Wishing to return home, she begins to travel to the city of Oz where a great wizard lives. On her way she meets a Scarecrow who needs a brain, a Tin Man who wants a heart, and a Cowardly Lion who desperately needs courage. They all hope the all- mighty Wizard of Oz will help them, but they have to reach the Emerald City before the Wicked Witch of the West catches up with them. |
| 521 ## - TARGET AUDIENCE NOTE | |
| Target audience note | MPAA rating: G |
| 538 ## - SYSTEM DETAILS NOTE | |
| System details note | DVD; region 1, NTSC; full screen presentation preserving the aspect ratio of its original theatrical exhibition; Dolby digital surround 5.1 (English) ; mono (Eng. & French); dual-layer. |
| 546 ## - LANGUAGE NOTE | |
| Language note | English and French language tracks; English, French and Spanish subtitles |
| 650 ## - SUBJECT ADDED ENTRY--TOPICAL TERM | |
| 9 (RLIN) | 25190 |
| Topical term or geographic name as entry element | Good and evil |
| Form subdivision | Drama |
| 650 ## - SUBJECT ADDED ENTRY--TOPICAL TERM | |
| 9 (RLIN) | 25192 |
| Topical term or geographic name as entry element | Wizard of Oz (Fictitious character) |
| Form subdivision | Drama |
| 653 ## - INDEX TERM--UNCONTROLLED | |
| Arrived date list | June2011 |
| 655 ## - INDEX TERM--GENRE/FORM | |
| Genre/form data or focus term | Feature films |
| 655 ## - INDEX TERM--GENRE/FORM | |
| Genre/form data or focus term | Musical films |
| 655 ## - INDEX TERM--GENRE/FORM | |
| Genre/form data or focus term | Fantasy films |
| 700 ## - ADDED ENTRY--PERSONAL NAME | |
| 9 (RLIN) | 25195 |
| Personal name | Fleming, Victor |
| Dates associated with a name | 1883-1949 |
| Relator term | drt |
| -- | pro |
| 700 ## - ADDED ENTRY--PERSONAL NAME | |
| 9 (RLIN) | 25196 |
| Personal name | Ryerson, Florence |
| Fuller form of name | aus |
| 700 ## - ADDED ENTRY--PERSONAL NAME | |
| 9 (RLIN) | 25197 |
| Personal name | Langley, Noel |
| Dates associated with a name | 1911-1980 |
| Fuller form of name | aus |
| 700 ## - ADDED ENTRY--PERSONAL NAME | |
| 9 (RLIN) | 25198 |
| Personal name | Woolf, Edgar Allan |
| Fuller form of name | aus |
| 700 ## - ADDED ENTRY--PERSONAL NAME | |
| 9 (RLIN) | 25199 |
| Personal name | LeRoy, Mervyn |
| Dates associated with a name | 1900-1987. |
| Relator term | pro |
| 700 ## - ADDED ENTRY--PERSONAL NAME | |
| 9 (RLIN) | 25148 |
| Personal name | Rosson, Harold |
| Dates associated with a name | 1895-1988 |
| Relator term | cng |
| 700 ## - ADDED ENTRY--PERSONAL NAME | |
| 9 (RLIN) | 25200 |
| Personal name | Gibbons, Cedric |
| Relator term | ard |
| 700 ## - ADDED ENTRY--PERSONAL NAME | |
| 9 (RLIN) | 25201 |
| Personal name | Sewell, Blanche |
| Relator term | flm |
| 700 ## - ADDED ENTRY--PERSONAL NAME | |
| 9 (RLIN) | 25202 |
| Personal name | Arlen, Harold |
| Relator term | cmp |
| 700 ## - ADDED ENTRY--PERSONAL NAME | |
| 9 (RLIN) | 25203 |
| Personal name | Adrian, Gilbert |
| Relator term | cst |
| 700 ## - ADDED ENTRY--PERSONAL NAME | |
| 9 (RLIN) | 25205 |
| Personal name | Garland, Judy |
| Dates associated with a name | 1922-1969 |
| Relator term | act |
| 700 ## - ADDED ENTRY--PERSONAL NAME | |
| 9 (RLIN) | 25206 |
| Personal name | Morgan, Frank |
| Relator term | act |
| 700 ## - ADDED ENTRY--PERSONAL NAME | |
| 9 (RLIN) | 25207 |
| Personal name | Bolger, Ray |
| Relator term | act |
| 700 ## - ADDED ENTRY--PERSONAL NAME | |
| 9 (RLIN) | 25208 |
| Personal name | Lahr, Bert |
| Relator term | act |
| 700 ## - ADDED ENTRY--PERSONAL NAME | |
| 9 (RLIN) | 25209 |
| Personal name | Haley, Jack |
| Relator term | act |
| 700 ## - ADDED ENTRY--PERSONAL NAME | |
| 9 (RLIN) | 25210 |
| Personal name | Burke, Billie |
| Relator term | act |
| 700 ## - ADDED ENTRY--PERSONAL NAME | |
| 9 (RLIN) | 25211 |
| Personal name | Hamilton, Margaret |
| Relator term | act |
| 700 ## - ADDED ENTRY--PERSONAL NAME | |
| 9 (RLIN) | 25212 |
| Personal name | Grapewin, Charles |
| Dates associated with a name | 1869-1956 |
| Relator term | act |
| 710 ## - ADDED ENTRY--CORPORATE NAME | |
| 9 (RLIN) | 25081 |
| Corporate name or jurisdiction name as entry element | Metro-Goldwyn-Mayer |
| 710 ## - ADDED ENTRY--CORPORATE NAME | |
| 9 (RLIN) | 25082 |
| Corporate name or jurisdiction name as entry element | Warner Home Video (Firm) |
| 710 ## - ADDED ENTRY--CORPORATE NAME | |
| 9 (RLIN) | 25083 |
| Corporate name or jurisdiction name as entry element | Turner Entertainment Co. |
| 942 ## - ADDED ENTRY ELEMENTS (KOHA) | |
| Source of classification or shelving scheme | Dewey Decimal Classification |
| Item type | CD | DVD - Movie (NB) |
| Withdrawn status | Lost status | Source of classification or shelving scheme | Damaged status | Not for loan | Koha collection | Location (home branch) | Sublocation or collection (holding branch) | Shelving location | Date acquired | Source of acquisition | Cost, normal purchase price | Invoice Number | Koha issues (times borrowed) | Koha full call number | Piece designation (barcode) | Koha date last seen | Price effective from | Koha item type | Public note |
|---|---|---|---|---|---|---|---|---|---|---|---|---|---|---|---|---|---|---|---|
| Dewey Decimal Classification | Baccah | Central Library | Central Library | Second Floor | 14/06/2011 | Purchase | 190.00 | 12344 | 791.4372 WIZ | 000024209 | 24/08/2022 | 14/06/2011 | CD | DVD - Movie (NB) | 2 DVDs |